The School and Society / (Record no. 42053)

MARC details
000 -LEADER
fixed length control field 00718nam a22002057a 4500
005 - DATE AND TIME OF LATEST TRANSACTION
control field 20100816103629.0
010 ## - LCCN (DPL NO)
LC control number ENG-100565
020 ## - INTERNATIONAL STANDARD BOOK NUMBER
International Standard Book Number 9788189937478
Terms of availability 700.00
035 ## - SYSTEM CONTROL NUMBER
System control number EN-84098
037 ## - SOURCE OF ACQUISITION
Source of stock number/acquisition DBAD/PUB
082 ## - DEWEY DECIMAL CLASSIFICATION NUMBER
Classification number 302.1
100 ## - MAIN ENTRY--PERSONAL NAME
Personal name Reddy,B
245 ## - TITLE STATEMENT
Title The School and Society /
Statement of responsibility, etc by B Reddy
260 ## - PUBLICATION, DISTRIBUTION, ETC. (IMPRINT)
Place of publication, distribution, etc New Delhi
Name of publisher, distributor, etc Arise Publishers
Date of publication, distribution, etc 2008
270 ## - ADDRESS
Address 4648/1,21 Ansari Road Darya Ganj
City New Delhi
Postal code 110002
300 ## - PHYSICAL DESCRIPTION
Extent 272p
Dimensions 21cm(Hb)
500 ## - GENERAL NOTE
General note Includes bibliographical references and index
942 ## - ADDED ENTRY ELEMENTS (KOHA)
Source of classification or shelving scheme Dewey Decimal Classification
Item type English Books
Classification part 302.1
Call number suffix RED
Holdings
Withdrawn status Lost status Not for loan Collection code Home library Current library Date acquired Source of acquisition Cost, normal purchase price Full call number Barcode Copy number Cost, replacement price Koha item type
    Not For Loan Non-fiction D.B.Act.Division D.B.Act.Division 16/08/2010 DBAD/PUB 700.00 302.1 RED EN-84098 1 700.00 English Books

© Delhi Public Library
Hit Counter
free hit counter